[Event "Mittelrhein-ch"]
[Site "Dueren"]
[Date "1993.??.??"]
[Round "1"]
[White "Weiler, Wolfgang"]
[Black "Voulon, Mario"]
[Result "0-1"]
[WhiteElo "2205"]
[BlackElo "1965"]
[PlyCount "126"]
[EventDate "1993.??.??"]
[EventType "swiss"]
[EventRounds "7"]
[EventCountry "GER"]
[SourceTitle "EXT 2002"]
[Source "ChessBase"]
[SourceDate "2001.11.25"]
[SourceVersion "1"]
[SourceVersionDate "2001.11.25"]
[SourceQuality "1"]

1. g3 d5 2. Bg2 Nf6 3. Nf3 c5 4. 0-0 Nc6 5. d3 e5 6. Nbd2 Be7 7. e4 d4 8. Nc4 Nd7 9. a4 0-0 10. Nfd2 b6 11. f4 Bb7 12. Nf3 exf4 13. gxf4 a6 14. Bd2 b5 15. axb5 axb5 16. Rxa8 Qxa8 17. Nce5 Ndxe5 18. Nxe5 Nxe5 19. fxe5 Bc8 20. Qf3 Qa2 21. Qg3 Kh8 22. Bh3 Bxh3 23. Qxh3 Qe6 24. Qxe6 fxe6 25. Rxf8+ Bxf8 26. Ba5 Kg8 27. Bb6 b4 28. Kf2 Kf7 29. Ke2 Ke8 30. Kd2 Be7 31. c3 dxc3+ 32. bxc3 Bg5+ 33. Kc2 Bf4 34. h3 Bxe5 35. d4 b3+ 36. Kxb3 cxd4 37. Bxd4 Bxd4 38. cxd4 Kd7 39. Kc4 Kd6 40. Kd3 Ke7 41. e5 Kd7 42. h4 g6 43. Ke4 Kc6 44. d5+ exd5+ 45. Kd4 h6 46. e6 Kd6 47. e7 Kxe7 48. Kxd5 Kf6 49. Ke4 Ke6 50. Kf4 Kd5 51. Ke3 Ke5 52. Kf3 Kf5 53. Kg3 Ke4 54. Kg4 Ke3 55. h5 g5 56. Kg3 Ke4 57. Kg4 Ke5 58. Kf3 Kf5 59. Kg3 Ke5 60. Kf3 Kd4 61. Kg3 Ke3 62. Kg4 Ke4 63. Kg3 Kf5 0-1